Reverse Dictionary #35 - Statistics

General Stats
  • This quiz has been taken 50 times
  • The average score is 18 of 25
Answer Stats
Definition First
Letter
Word % Correct
In humans, the joint or the region of the joint in the middle part of the leg between the thigh and the shank. K Knee
95%
The period of time during which marriage is planned or promised. E Engagement
93%
(religion) The abode of God or the gods, traditionally conceived as beyond the sky. H Heaven
93%
A state of tranquility, quiet, and harmony; absence of violence. P Peace
93%
The short thick digit of the hand that for humans has the most mobility and can be made to oppose (moved to touch) all of the other fingers. T Thumb
93%
Physical contamination, now especially the contamination of the environment by harmful substances, or by disruptive levels of noise, light etc. P Pollution
91%
To trade one thing for another. E Exchange
88%
Not many; a small (in comparison with another number stated or implied) but somewhat indefinite number of. F Few
88%
To become larger, to increase in magnitude. G Grow
88%
(medicine, oncology, pathology) A disease in which the cells of a tissue undergo uncontrolled (and often rapid) proliferation. C Cancer
86%
A loud, sharp sound, as of a cork coming out of a bottle. P Pop
86%
(of an object or substance) That can be picked up or held, having a texture, and usually firm, unlike a liquid, gas or plasma. S Solid
86%
(commerce) An item which may be sold singly. U Unit
81%
(music) A harmonic set of three or more notes that is heard as if sounding simultaneously. C Chord
77%
A knitted jacket or jersey, usually of thick wool, worn for warmth. S Sweater
74%
(Internet) In an online shop, a listing of a customer's chosen items before they are ordered. B Basket
67%
One or more items auctioned or sold as a unit, separate from other items. L Lot
65%
To (cause to) move in continuous contact with a surface. S Slide
65%
To go past, by, over, or through; to proceed from one side to the other of; to move past. P Pass
63%
To cause one to experience a memory (of someone or something); to bring to the notice or consideration (of a person). R Remind
58%
A social engagement, usually to formally welcome someone. R Reception
49%
The power or right to perform some action as part of applying the law. J Jurisdiction
42%
A statement acknowledging the truth of something. A Admission
28%
To put an end to, especially with force, to crush, do away with; to prohibit, subdue. S Suppress
12%
The point of interconnection or contact between entities. I Interface
9%
No matching quizzes found
Score Distribution
Percent of People with Each Score
Percentile by Number Answered
Your Score History
You have not taken this quiz